| 000 | 00850cam a22002657a 4500 | ||
|---|---|---|---|
| 003 | CHAP | ||
| 005 | 20220329141421.0 | ||
| 008 | 971013s1976 r 00010 d | ||
| 010 | _a67806 | ||
| 011 | _a68778 | ||
| 035 | _a78252 | ||
| 040 | _cCHAP | ||
| 082 |
_a628.13 _bG3 |
||
| 100 | 0 | 0 |
_aGargollo Rivas, Guillermo. _946887 |
| 245 | 0 |
_aMéxico, país de grandes recursos y posibilidades _b: el problema está en la falta de agua, los manantiales artificiales son una solución |
|
| 260 |
_a[s.l.] : _bEl autor, _c1976 |
||
| 300 |
_a34 p. _b: ilus. |
||
| 590 |
_aBATCH-UPD _b10 _c20130110 _lUCH01 _h0756 |
||
| 590 |
_aCONVERSION _b10 _c20130109 _lUCH01 _h1337 |
||
| 650 | 1 | 4 |
_aAgua _xAlmacenamiento. _92279 |
| 650 | 1 | 4 |
_aLluvia. _967312 |
| 901 | _aBK | ||
| 942 | _cLIBRO | ||
| 949 |
_a628.13 G3 _bBC _cLIBRO _d33724000024774 _eLIBRO _h73548 _i78252 _mD _si |
||
| 999 |
_c67806 _d67806 |
||